[Event "Berlin Lichtenberger op 16th"]
[Site "Berlin"]
[Date "2017.08.25"]
[Round "7"]
[White "Glaesmann, Christian"]
[Black "Kaufmann, Mathias"]
[Result "1/2-1/2"]
[WhiteElo "1472"]
[BlackElo "1516"]
[PlyCount "87"]
[EventDate "2017.08.19"]
[EventType "swiss"]
[EventRounds "9"]
[EventCountry "GER"]
[SourceTitle "CBM 180 Extra"]
[Source "ChessBase"]
[SourceDate "2017.10.06"]
[SourceVersion "1"]
[SourceVersionDate "2017.10.06"]
[SourceQuality "1"]

1. e4 c5 2. c3 Nc6 3. Nf3 g6 4. d4 cxd4 5. cxd4 Bg7 6. Nc3 Qb6 7. Nd5 Qa5+ 8. Bd2 Qd8 9. Bf4 d6 10. Bb5 Qa5+ 11. Bd2 Qd8 12. Bf4 Nf6 13. Nxf6+ Bxf6 14. Bxc6+ bxc6 15. e5 Bg7 16. 0-0 0-0 17. Qd2 dxe5 18. Nxe5 Qb6 19. Bh6 Rd8 20. Bxg7 Kxg7 21. Qc3 Rd6 22. Rac1 Qxd4 23. Qxd4 Rxd4 24. Nxc6 Rd7 25. Rfd1 Rc7 26. b4 Ba6 27. a4 Rac8 28. b5 Bb7 29. h3 Bxc6 30. bxc6 Rxc6 31. Rxc6 Rxc6 32. Rd7 Ra6 33. Rxe7 Rxa4 34. f3 a5 35. Ra7 Ra1+ 36. Kf2 a4 37. g4 a3 38. Kg3 Ra2 39. Kh4 h6 40. f4 Kf6 41. g5+ hxg5+ 42. fxg5+ Kg7 43. Ra6 Kh7 44. Ra7 1/2-1/2

[Event "Berlin Lichtenberger op 16th"]
[Site "Berlin"]
[Date "2017.08.21"]
[Round "3"]
[White "Rehmsmeier, Marc"]
[Black "Glaesmann, Christian"]
[Result "1-0"]
[WhiteElo "1698"]
[BlackElo "1472"]
[PlyCount "87"]
[EventDate "2017.08.19"]
[EventType "swiss"]
[EventRounds "9"]
[EventCountry "GER"]
[SourceTitle "CBM 180 Extra"]
[Source "ChessBase"]
[SourceDate "2017.10.06"]
[SourceVersion "1"]
[SourceVersionDate "2017.10.06"]
[SourceQuality "1"]

1. d4 d6 2. Nf3 g6 3. c4 Bg7 4. e4 Nf6 5. Nc3 0-0 6. Be2 Bg4 7. Be3 Nc6 8. Qd2 Nd7 9. h3 Bxf3 10. Bxf3 e5 11. d5 Nd4 12. Bxd4 exd4 13. Nb5 d3 14. Bd1 Nc5 15. Bf3 Na4 16. Rb1 a6 17. Nc3 Nxc3 18. bxc3 c5 19. 0-0 Rb8 20. Rb3 b5 21. Qxd3 b4 22. cxb4 Rxb4 23. Rfb1 a5 24. a3 Rxb3 25. Rxb3 a4 26. Rb5 Qa8 27. Qb1 Qd8 28. Qc2 Qf6 29. Rb1 Ra8 30. Qd3 Qc3 31. Qxc3 Bxc3 32. Bd1 Kg7 33. f4 Bf6 34. Kf2 g5 35. g3 h6 36. Rb7 Bd4+ 37. Kg2 gxf4 38. gxf4 Re8 39. Kf3 Ra8 40. Kg4 Kf6 41. Rb6 Rg8+ 42. Kf3 Ke7 43. Rb7+ Kf6 44. Rd7 1-0

[Event "Berlin Lichtenberger op 16th"]
[Site "Berlin"]
[Date "2017.08.20"]
[Round "2"]
[White "Dittrich, Hans Georg"]
[Black "Glaesmann, Christian"]
[Result "1/2-1/2"]
[WhiteElo "1742"]
[BlackElo "1472"]
[PlyCount "44"]
[EventDate "2017.08.19"]
[EventType "swiss"]
[EventRounds "9"]
[EventCountry "GER"]
[SourceTitle "CBM 180 Extra"]
[Source "ChessBase"]
[SourceDate "2017.10.06"]
[SourceVersion "1"]
[SourceVersionDate "2017.10.06"]
[SourceQuality "1"]

1. e4 d6 2. Nc3 g6 3. f4 Bg7 4. Nf3 Nf6 5. Bc4 0-0 6. d3 Bg4 7. h3 Bxf3 8. Qxf3 Nc6 9. 0-0 Nd4 10. Qf2 c5 11. a4 e6 12. Ba2 d5 13. Be3 Nxc2 14. Qxc2 d4 15. Bd2 dxc3 16. Bxc3 Nh5 17. e5 Bh6 18. Qd2 Qh4 19. Rf3 Bxf4 20. Qf2 Qxf2+ 21. Kxf2 g5 22. Rg1 Bh2 1/2-1/2

[Event "Berlin Lichtenberger op 15th"]
[Site "Berlin"]
[Date "2016.08.20"]
[Round "8"]
[White "Lieger, Lucas"]
[Black "Glaesmann, Christian"]
[Result "1/2-1/2"]
[WhiteElo "1239"]
[BlackElo "1518"]
[PlyCount "97"]
[EventDate "2016.08.13"]
[EventType "swiss"]
[EventRounds "9"]
[EventCountry "GER"]
[SourceTitle "CBM 173 Extra"]
[Source "ChessBase"]
[SourceDate "2016.08.29"]
[SourceVersion "1"]
[SourceVersionDate "2016.08.29"]
[SourceQuality "1"]

1. d4 d6 2. c4 g6 3. Nc3 Bg7 4. e4 Nf6 5. f3 0-0 6. Be3 Nbd7 7. Qd2 c5 8. d5 Ne5 9. 0-0-0 Ne8 10. g4 e6 11. h4 Nf6 12. Be2 exd5 13. cxd5 c4 14. Bh6 Nd3+ 15. Bxd3 cxd3 16. Bxg7 Kxg7 17. Qxd3 Kg8 18. g5 Nh5 19. Nge2 f5 20. Rdf1 Bd7 21. Rh2 a6 22. Nd4 Rc8 23. Rff2 b5 24. Kb1 f4 25. Nce2 Qc7 26. Qb3 Ng3 27. Nc3 Kh8 28. Rc2 Qc4 29. Nde2 Qxb3 30. axb3 Nf1 31. Rf2 Ne3 32. Rc1 b4 33. Na2 Rxc1+ 34. Nexc1 a5 35. Ne2 Bb5 36. Nac1 Bxe2 37. Rxe2 Kg7 38. Rd2 h6 39. Re2 hxg5 40. hxg5 Rh8 41. Re1 Rh3 42. Ne2 Rxf3 43. Nd4 Rf1 44. Rxf1 Nxf1 45. Ne6+ Kf7 46. Nxf4 Nd2+ 47. Kc2 Nxe4 48. Nh3 Nc5 49. Nf4 1/2-1/2

[Event "Solingen Karneval op"]
[Site "Solingen"]
[Date "2013.02.08"]
[Round "1"]
[White "Glaesmann, Christian"]
[Black "Rosenauer, Horst"]
[Result "0-1"]
[WhiteElo "1306"]
[BlackElo "1885"]
[PlyCount "114"]
[EventDate "2013.02.08"]
[EventType "swiss"]
[EventRounds "5"]
[EventCountry "GER"]
[SourceTitle "EXT 2015"]
[Source "ChessBase"]
[SourceDate "2014.11.20"]
[SourceVersion "1"]
[SourceVersionDate "2014.11.20"]
[SourceQuality "1"]

1. e4 e5 2. f4 d5 3. exd5 e4 4. Nc3 Nf6 5. d3 Bb4 6. Bd2 exd3 7. Bxd3 0-0 8. a3 Re8+ 9. Nge2 Bc5 10. Na4 Bd4 11. c3 Be3 12. Bxe3 Rxe3 13. c4 Bg4 14. 0-0 Qe8 15. Nac3 Nbd7 16. b4 a5 17. Qc2 Qe7 18. h3 Bxe2 19. Bxe2 Rxc3 20. Qxc3 Qxe2 21. Rae1 Qh5 22. Qd4 b6 23. Ra1 h6 24. d6 cxd6 25. Qxd6 Qf5 26. Rae1 Rc8 27. Qd4 axb4 28. axb4 Qc2 29. Rc1 Qb3 30. c5 bxc5 31. bxc5 Qb5 32. g4 Rxc5 33. Kh2 Rxc1 34. Rxc1 Qe2+ 35. Kg1 Ne4 36. g5 hxg5 37. f5 Qf3 38. f6 Qg3+ 39. Kf1 Qf4+ 40. Ke2 Ng3+ 41. Kd3 Qxd4+ 42. Kxd4 Ne2+ 43. Ke3 Nxc1 44. fxg7 f5 45. Kf3 Kxg7 46. Kg3 Kg6 47. Kf3 Ne5+ 48. Kg3 Ncd3 49. h4 f4+ 50. Kg2 g4 51. h5+ Kxh5 52. Kh2 Kh4 53. Kg2 f3+ 54. Kf1 g3 55. Kg1 Ng4 56. Kf1 Ne3+ 57. Kg1 f2+ 0-1

[Event "Rheinland Pfalz op 3rd"]
[Site "Gau Algesheim"]
[Date "2011.07.31"]
[Round "7"]
[White "Glaesmann, Christian"]
[Black "Wilhelm, Carola"]
[Result "1-0"]
[WhiteElo "1235"]
[BlackElo "1499"]
[PlyCount "119"]
[EventDate "2011.07.28"]
[EventType "swiss"]
[EventRounds "7"]
[EventCountry "GER"]
[SourceTitle "EXT 2013"]
[Source "ChessBase"]
[SourceDate "2012.11.22"]
[SourceVersion "1"]
[SourceVersionDate "2012.11.22"]
[SourceQuality "1"]

1. e4 e6 2. Nc3 d5 3. exd5 exd5 4. d4 c6 5. Nf3 Bd6 6. Bd3 Ne7 7. 0-0 Qc7 8. g3 Bh3 9. Re1 Nd7 10. Ng5 Be6 11. Nxe6 fxe6 12. Rxe6 0-0-0 13. Na4 Nf8 14. Re1 Kb8 15. Nc5 h5 16. c3 Qc8 17. Qb3 Bxc5 18. dxc5 Ne6 19. Qb4 Qd7 20. Ba6 Nf8 21. Bg5 Re8 22. Re2 Nh7 23. Bf4+ Ka8 24. Bd3 g5 25. Be5 Nc8 26. Bxh8 Rxh8 27. Bxh7 Qxh7 28. Rae1 Kb8 29. Qd4 Rg8 30. Kg2 h4 31. h3 hxg3 32. fxg3 Rh8 33. Qg4 Rg8 34. Qf3 Qg7 35. g4 Rf8 36. Qg3+ Ka8 37. Re8 Qf7 38. Rxf8 Qxf8 39. b4 a5 40. Qe5 Qd8 41. Qe8 Qc7 42. Re7 Qb8 43. Rd7 b5 44. cxb6 Nxb6 45. Qxb8+ Kxb8 46. Rd8+ Kc7 47. Rg8 Na4 48. Rxg5 Nxc3 49. a3 d4 50. Kf3 d3 51. Rg7+ Kb6 52. Ke3 d2 53. Kxd2 Nb1+ 54. Kc2 Nxa3+ 55. Kb3 Nb5 56. g5 Nd4+ 57. Kc4 Ne6 58. Rg8 Kc7 59. g6 Nd8 60. Rxd8 1-0